000 00451nam a22001817a 4500
003 MPLRDC
005 20220104114032.0
008 210129b ||||| |||| 00| 0 eng d
082 _a857.61 TWDP v.3 c.2
100 _a白先勇等著
245 _a花季
_c
250 _a初版
260 _a
_b文学研究社
_c1983
300 _b
490 _a台湾短篇小说系列. 3
650 _a短篇小说--总集
942 _cBK
_o857.61 TWDP v.3 c.2
999 _c4300
_d4290